Pre-construction services agreement : (Record no. 121809)
[ view plain ]
| 000 -LEADER | |
|---|---|
| fixed length control field | 00845cam a2200253 a 4500 |
| 001 - CONTROL NUMBER | |
| control field | 990169521910107026 |
| 005 - DATE AND TIME OF LATEST TRANSACTION | |
| control field | 20240228151551.0 |
| 008 - FIXED-LENGTH DATA ELEMENTS--GENERAL INFORMATION | |
| fixed length control field | 240228s2008 enk 000 0 eng d |
| 020 ## - INTERNATIONAL STANDARD BOOK NUMBER | |
| International Standard Book Number | 9781847037947 (pbk.) : |
| Terms of availability | £25.30 |
| 020 ## - INTERNATIONAL STANDARD BOOK NUMBER | |
| International Standard Book Number | 1847037941 (pbk.) : |
| Terms of availability | £25.30 |
| 035 ## - SYSTEM CONTROL NUMBER | |
| System control number | (UkOxU)016952191 |
| 035 ## - SYSTEM CONTROL NUMBER | |
| System control number | (UkLCURL)704239415 |
| 038 ## - RECORD CONTENT LICENSOR | |
| Record content licensor | UkLCURL |
| 040 ## - CATALOGING SOURCE | |
| Original cataloging agency | UK-WkNB |
| Language of cataloging | eng |
| Transcribing agency | UK-WkNB |
| 245 00 - TITLE STATEMENT | |
| Title | Pre-construction services agreement : |
| Remainder of title | (general contractor) : PCSA. |
| 246 17 - VARYING FORM OF TITLE | |
| Title proper/short title | PCSA |
| 260 ## - PUBLICATION, DISTRIBUTION, ETC. | |
| Place of publication, distribution, etc. | London : |
| Name of publisher, distributor, etc. | Sweet & Maxwell, |
| Date of publication, distribution, etc. | 2008. |
| 300 ## - PHYSICAL DESCRIPTION | |
| Extent | ii, 29 p. : |
| Other physical details | forms ; |
| Dimensions | 30 cm. |
| 490 ## - SERIES STATEMENT | |
| Series statement | JCT Contracts 2008 |
| 500 ## - GENERAL NOTE | |
| General note | Title from cover. |
| 610 20 - SUBJECT ADDED ENTRY--CORPORATE NAME | |
| Corporate name or jurisdiction name as entry element | Joint Contracts Tribunal. |
| Title of a work | Pre-Construction Services Agreement. 2008. |
| 650 #0 - SUBJECT ADDED ENTRY--TOPICAL TERM | |
| Topical term or geographic name entry element | Construction contracts |
| Geographic subdivision | Great Britain. |
| 710 2# - ADDED ENTRY--CORPORATE NAME | |
| Corporate name or jurisdiction name as entry element | Joint Contracts Tribunal. |
| Withdrawn status | Lost status | Damaged status | Not for loan | Home library | Current library | Shelving location | Date acquired | Total Checkouts | Full call number | Date last seen | Price effective from | Koha item type |
|---|---|---|---|---|---|---|---|---|---|---|---|---|
| London | London | Boxed set | 28/02/2024 | JCT 2008/2 | 28/02/2024 | 28/02/2024 | Book |